000 00276nam a22001217a 4500
008 181107b xxu||||| |||| 00| 0 eng d
041 _aeng
080 _a101
100 _a23
101 _afil
245 _aProblems In Philosophical Inquity
_cJulius.R.W
942 _2udc
_cBK
999 _c52175
_d52175